Welcome to CU Library Online Public Access Catalogue (OPAC)

IT IS MIRACLE TIME; (Record no. 7542)

MARC details
000 -LEADER
fixed length control field 00369nam a2200145 4500
005 - DATE AND TIME OF LATEST TRANSACTION
control field 20250912160328.0
008 - FIXED-LENGTH DATA ELEMENTS--GENERAL INFORMATION
fixed length control field tyhu7yik
020 ## - INTERNATIONAL STANDARD BOOK NUMBER
International Standard Book Number 9988753014
082 ## - DEWEY DECIMAL CLASSIFICATION NUMBER
Edition information BT97
Classification number .2 ASA
100 ## - MAIN ENTRY--PERSONAL NAME
Personal name ASARE AGYIN CHARLES
245 ## - TITLE STATEMENT
Title IT IS MIRACLE TIME;
Remainder of title EXPERIENCING GOD'S MIRACLE WORKING POWER
260 ## - PUBLICATION, DISTRIBUTION, ETC.
Place of publication, distribution, etc. ACCRA
Name of publisher, distributor, etc. TYPE COMPANY LTD
Date of publication, distribution, etc. c1997
300 ## - PHYSICAL DESCRIPTION
Extent 152p
942 ## - ADDED ENTRY ELEMENTS (KOHA)
Source of classification or shelving scheme Library of Congress Classification
Koha item type Books
Suppress in OPAC No
999 ## -
-- 7542
-- 7542
Holdings
Withdrawn status Lost status Source of classification or shelving scheme Damaged status Not for loan Collection Home library Current library Shelving location Date acquired Total checkouts Full call number Barcode Date last seen Copy number Price effective from Koha item type
    Library of Congress Classification     Non-fiction Undergraduate Library (Christ Temple) Undergraduate Library (Christ Temple) General stacks 09/12/2025   BT97.2 ASA ulct00004753 09/12/2025 1 09/12/2025 Books
© 2023-2024 Copyright: Central University Libraries. All Rights Reserved | Created by: Mahone Tech Office